Technologické řešení skladů průmyslového zboží zpracováno podle materiálů sovětských ústavů GIPROTORG a VNIIET sistem
Salvato in:
| Autore principale: | |
|---|---|
| Natura: | Libro |
| Lingua: | ceco |
| Pubblicazione: |
Praha
Výzkumný ústav obchodu
1984
|
| Serie: | Knižnice VÚO
č. 176 |
| Tags: |
Nessun Tag, puoi essere il primo ad aggiungerne!!
|
MARC
| LEADER | 00000nam a2200000 4500 | ||
|---|---|---|---|
| 001 | c114041 | ||
| 005 | 20041019155157.5 | ||
| 041 | 0 | |a cze | |
| 044 | |a CZ | ||
| 245 | 1 | 0 | |a Technologické řešení skladů průmyslového zboží |b zpracováno podle materiálů sovětských ústavů GIPROTORG a VNIIET sistem |c Jiří Jindra |
| 264 | 1 | |a Praha |b Výzkumný ústav obchodu |c 1984 | |
| 300 | |a 44 s. | ||
| 490 | 1 | |a Knižnice VÚO |v č. 176 | |
| 830 | 0 | |a Knižnice VÚO |v č. 176 | |
| 100 | 1 | |a Jindra, Jiří | |